00595nam a22001817a 450000500170000001000150001702000240003203500140005603700130007008200140008324501330009725000090023026000380023927000620027730000250033970000250036470000240038920180713142908.0 aENG-123465 a8178243687c1795.00 aEN-106997 bDBAD/PUB a304.20954 aIndia's environmental history :ced. by Mahesh Rangarajan [and] K Sivaramakrishnanbfrom ancient times to the colonial period / a3rd  aRanikhet bPermanent Black c2017 aHimalayana, Mall Road, Ranikhet Cantt. bRanikhete263645v avi,431p. c21cm(pbk) a Rangarajan, Mahesh aSivaramakrishnan, K